LIBRARY & INFORMATION CENTRE, KCAET, TAVANUR

ONLINE PUBLIC ACCESS CATALOGUE (OPAC)

Pascal / (Record no. 10898)

MARC details
000 -LEADER
fixed length control field 00526cam a2200205ua 4500
020 ## - INTERNATIONAL STANDARD BOOK NUMBER
ISBN 0-07-038138-0
041 ## - LANGUAGE CODE
Language code of text/sound track or separate title eng
082 ## - DEWEY DECIMAL CLASSIFICATION NUMBER
Classification number 005.133
Item number BEL/PA
100 ## - MAIN ENTRY--AUTHOR NAME
Personal name Belford, Geneva G .
245 ## - TITLE STATEMENT
Title Pascal /
250 ## - EDITION STATEMENT
Edition statement 1 /
260 ## - PUBLICATION, DISTRIBUTION, ETC. (IMPRINT)
Place of publication New York :
Name of publisher McGraw Hill Book Company ,
Year of publication 1986.
300 ## - PHYSICAL DESCRIPTION
Number of Pages 333 ; .
490 0# - SERIES STATEMENT
Series statement Computer Science Series,
Volume number/sequential designation
700 1# - ADDED ENTRY--PERSONAL NAME
Personal name Liu, C L .
942 ## - ADDED ENTRY ELEMENTS (KOHA)
Koha item type Books
Holdings
Withdrawn status Lost status Damaged status Home library Current library Date acquired Full call number Accession Number Koha item type
      KAUAET KAUAET 07/04/2012 005.133 16852 Books
free website counter